#2 US biisin sanat Kääntäjän läpi FI -> EN - Statistics

Yleistilastot
  • Tätä visaa on pelattu 63 kertaa
  • Keskiarvotulos 5 / 15
Vastaustilastot
Hint Vastaus % Oikein
Which are you afraid of, noise or peace? Which do you prefer, solitude or a herd? Puhu äänellä jonka kuulen
77%
When you lose everything in life Then freedom is the only thing left It is an uphill heavy step But the downhill too often disappears Vapaus käteen jää
73%
Darken the white landsThe singing trees fall silent Street children hide when the fierce air rises Let's scare away our fears Nothing can take me away Sata salamaa
59%
I look at the world with you And I see the same dream Like a madman I call after my love! Viidestoista yö
57%
We would put up with anything from each other. What I could get from you could make up for it those restless evenings and sleepless nights, times, useless groping and worthless work Todella kaunis
45%
Gasoline rains on the flames I'll leave you guys in the ground (Today is a party, everything goes smoothly) I came, I came today, I mean to celebrate today Liekeissä
43%
I have a man in my bedtattooed on his shoulder is Jack Nicholson it lies naked and sleeps and I wonder who the hell that is Milla
43%
That girl got married Marry that boy They made love and the guitars rattled They haven't found That something they've been looking for But they understand each other And they want to take on the world together Pop-Musiikkia
41%
On the side streets of life I hope my happiness can still be found somewhere I wouldn't ask too much either Something to celebrate the evening with I would pay child support with a lottery ticket Pohjois-Karjala
30%
The flags are fluttering wet, I guess they are celebratingthis day when half the country got medals You can't even make us heroes good to stay on the sidewalk Heilutaan
23%
You're saving for a pocket You spend the money with interest I guess I'll go to the stone house Why do you think so? If you were cheated on Just a bed for moss Ikuinen Virta
23%
I don't know anything about you You don't even know what's being said about you You tread on broken hearts everywhere you go Do something about it Before it consumes you with its poison Soon you won't find any friends next to you Riidankylväjä
11%
The sister already became a mother with mortgages I bought a bike from a man on the street Now I have to sue someone else always first Takes everything you can get I have nothing to look forward to Tässä elämä on
11%
It must have been Monday when I picked you up from Manala On Tuesday, of course, I got my daily coffee Wednesday wrapped us in a hot embrace And I know the reason for that Naispaholainen
7%
How to level up How to keep sides If the other is air And the other thinks he's always right You can't hear me though Although everything in me screams for you Näe Minut Tässä
5%
Ehtoja vastaavia visoja ei löytynyt
Tulosjakauma
Jokaisen tuloksen saaneiden osuus
Persentiili vastausten määrän mukaan
Tuloshistoriasi
Et ole pelannut tätä visaa